000 00461cam a22001457a 4500
008 180718b2014 xxu||||| |||| 00| 0 eng d
082 _aB811x44 Ar67
100 _aArora, Dolly
245 _aTrends in centre- state relations
_cBy. Dolly,Arora
260 _aNew Delhi
_bIndian institute of public administration
_c2014
300 _a31p.
650 _aConstitutional law -- India
650 _aState governments -- India
650 _aFederal government -- India
999 _c503150
_d503150